|
|
|
|
| LEADER |
00000nab a2200000ua 4500 |
| 001 |
vtls010775281 |
| 003 |
SK-MaSNL |
| 005 |
20260304030248.0 |
| 008 |
250310s2010 xo |||||||||||||||||eng| |
| 035 |
|
|
|a (urnnbn)urn:nbn:sk:snk:ar-a029ma
|
| 035 |
|
|
|a (uuid)13687e01-d964-4627-9aa8-4176d3afb10c
|
| 035 |
|
|
|a urn:nbn:sk:snk-ab4igv
|
| 040 |
|
|
|a SNKBUCL
|b slo
|c SNKBUCL
|e AACR2
|
| 041 |
0 |
|
|a eng
|
| 044 |
|
|
|a xo
|c SK
|
| 100 |
1 |
|
|a Kožíšek, Jozef,
|d 1952-
|4 aut
|9 39996
|
| 245 |
1 |
0 |
|a Crystal and molecular structure of (6S,7R,8R,8aS)-7-bromo-6- io-6(2-bromoethyl)-3-oxooctahydroindolizin-8-yl acetate
|c Jozef Kožíšek, Ľubomír Švorc, Peter Šafař, Štefan Marchalín, Viktor Vrábel
|
| 700 |
1 |
|
|a Švorc, Ľubomír,
|d 1983-
|4 aut
|9 220617
|
| 700 |
1 |
|
|a Šafař, Peter,
|d 1959-
|4 aut
|9 194958
|
| 700 |
1 |
|
|a Marchalín, Štefan,
|d 1954-
|4 aut
|9 212308
|
| 700 |
1 |
|
|a Vrábel, Viktor,
|d 1947
|4 aut
|9 192906
|
| 773 |
0 |
|
|t Acta Chimica Slovaca
|g Roč. 3, č. 2 (2010), s. [3]-11
|
| 958 |
|
|
|a OND
|
| 958 |
|
|
|a article3
|
| 999 |
|
|
|c 2632994
|d 2634924
|